| 000 | 01141nam a22003017a 4500 | ||
|---|---|---|---|
| 003 | OSt | ||
| 005 | 20260406153359.0 | ||
| 008 | 260406b |||||||| |||| 00| 0 eng d | ||
| 020 | _a9780716626299 | ||
| 040 | _cHS LRC | ||
| 050 |
_aBL 2600 _b.C954au 2016 |
||
| 100 |
_aCroy, Anita _911782 |
||
| 245 |
_aMyths and legends of Australia, New Zealand, and Pacific Islands / _cAnita Croy |
||
| 260 |
_aChicago, Illinois : _bWorld Book, _cc2016. |
||
| 265 | _aPES | ||
| 300 |
_a64 pages : _bcolor illustrations ; _c26 cm. |
||
| 365 | _b1,667.00 | ||
| 440 |
_aFamous Myths and Legends of the World _924871 |
||
| 504 | _aIncludes glossary, references and index. | ||
| 650 |
_aMythology, Aboriginal Australian _xJuvenile literature _9131558 |
||
| 650 |
_aAboriginal Australian _xFolklore _yJuvenile literature _9131559 |
||
| 650 |
_aMythology, Maori _xJuvenile literature _9131560 |
||
| 650 |
_aMythology _xPolynesians _9131561 |
||
| 650 |
_aPolynesians _xFolklore _yJuvenile literature _9131562 |
||
| 650 |
_aAustralia _xFolklore _yJuvenile literature _9131563 |
||
| 650 |
_aNew Zealand _xFolklore _yJuvenile literature _9131564 |
||
| 942 |
_2lcc _cBK |
||
| 999 |
_c94058 _d94058 |
||